Encyclopaedic biography of the world great physicists / (Record no. 72299)

MARC details
000 -LEADER
fixed length control field 02210nam a22003617a 4500
005 - DATE AND TIME OF LATEST TRANSACTION
control field 20121219124141.0
008 - FIXED-LENGTH DATA ELEMENTS--GENERAL INFORMATION
fixed length control field 121219t xxu||||| |||| 00| 0 eng d
010 ## - LCCN (DPL NO)
LC control number ENG-106454-458
020 ## - INTERNATIONAL STANDARD BOOK NUMBER
International Standard Book Number 9788182205352(Set)
Terms of availability 12500.00(set of 5 vols.)
020 ## - INTERNATIONAL STANDARD BOOK NUMBER
International Standard Book Number 9788182205369(v.1)
Terms of availability 12500.00(set of 5 vols.)
020 ## - INTERNATIONAL STANDARD BOOK NUMBER
International Standard Book Number 9788182205376(v.2)
Terms of availability 12500.00(set of 5 vols.)
020 ## - INTERNATIONAL STANDARD BOOK NUMBER
International Standard Book Number 9788182205383(v.3)
Terms of availability 12500.00(set of 5 vols.)
020 ## - INTERNATIONAL STANDARD BOOK NUMBER
International Standard Book Number 9788182205390(v.4)
Terms of availability 12500.00(set of 5 vols.)
020 ## - INTERNATIONAL STANDARD BOOK NUMBER
International Standard Book Number 9788182205406(v.5)
Terms of availability 12500.00(set of 5 vols.)
035 ## - SYSTEM CONTROL NUMBER
System control number EN-89987-991
037 ## - SOURCE OF ACQUISITION
Source of stock number/acquisition DBAD/PUB
040 ## - CATALOGING SOURCE
Original cataloging agency DPL
Language of cataloging Eng
082 ## - DEWEY DECIMAL CLASSIFICATION NUMBER
Classification number 530.092
245 ## - TITLE STATEMENT
Title Encyclopaedic biography of the world great physicists /
Statement of responsibility, etc edited by S.K. Basu
250 ## - EDITION STATEMENT
Edition statement 2nd ed
260 ## - PUBLICATION, DISTRIBUTION, ETC. (IMPRINT)
Place of publication, distribution, etc New Delhi
Name of publisher, distributor, etc Global Vision Publishing House
Date of publication, distribution, etc 2013
270 ## - ADDRESS
Address 20, Ansari Road Daryaganj
City New Delhi
Postal code 110002
300 ## - PHYSICAL DESCRIPTION
Extent 5V.(xxiii,368,S23p. ;xxiii,369-731,S25-63p. ; xxiii,733-1100,S65-107p.;xxiii,1101-1404,S109-144p.;xxiii,1405-1760,S145-151p.) :
Dimensions 24cm(Hb)
Other physical details ill.
500 ## - GENERAL NOTE
General note Includes bibliographical references and index
700 ## - ADDED ENTRY--PERSONAL NAME
9 (RLIN) 54441
Personal name Basu, S.K.
700 ## - ADDED ENTRY--PERSONAL NAME
9 (RLIN) 54442
942 ## - ADDED ENTRY ELEMENTS (KOHA)
Source of classification or shelving scheme Dewey Decimal Classification
Item type English Books
Classification part 530.092
Call number suffix ENC
Holdings
Withdrawn status Lost status Source of classification or shelving scheme Materials specified (bound volume or other part) Damaged status Not for loan Collection code Home library Current library Date acquired Source of acquisition Cost, normal purchase price Total Checkouts Full call number Barcode Date last seen Copy number Cost, replacement price Koha item type
    Dewey Decimal Classification V.1     Non-fiction D.B.Act.Division D.B.Act.Division 19/12/2012 DBAD/PUB 12500.00   530.092 ENC EN-89987 19/12/2012 1 12500.00 English Books
    Dewey Decimal Classification V.2     Non-fiction D.B.Act.Division D.B.Act.Division 19/12/2012 DBAD/PUB 12500.00   530.092 ENC EN-89988 19/12/2012 1 12500.00 English Books
    Dewey Decimal Classification V.3     Non-fiction D.B.Act.Division D.B.Act.Division 19/12/2012 DBAD/PUB 12500.00   530.092 ENC EN-89989 19/12/2012 1 12500.00 English Books
    Dewey Decimal Classification V.4     Non-fiction D.B.Act.Division D.B.Act.Division 19/12/2012 DBAD/PUB 12500.00   530.092 ENC EN-89990 19/12/2012 1 12500.00 English Books
    Dewey Decimal Classification V.5     Non-fiction D.B.Act.Division D.B.Act.Division 19/12/2012 DBAD/PUB 12500.00   530.092 ENC EN-89991 19/12/2012 1 12500.00 English Books

© Delhi Public Library
Hit Counter
free hit counter